| 000 | 00759cam a2200241 4500 | ||
|---|---|---|---|
| 008 | 090401t1993 xxu||||| |||| 00| 0 eng d | ||
| 020 | _a1873662459 | ||
| 035 | _a(Sirsi) u23338 | ||
| 041 | _aeng | ||
| 050 | _a692.8 | ||
| 110 |
_aSociety of Chief Quantity Surveyors in Local Government _93033 |
||
| 245 | _aAssessment of liquidated and ascertained damages on building contracts. | ||
| 250 | _a2nd ed. | ||
| 260 |
_aAmersham, Bucks. _bSociety of Chief Quantity Surveyors in L _c1993 |
||
| 300 | _a33p. ; 30cm. | ||
| 350 | _a12 | ||
| 650 | _aASCERTAINED DAMAGES | ||
| 650 | _aBUILT ENVIRONMENT-BUILDING CONTRACT FORMS | ||
| 650 | _aLIQUIDATED DAMAGES | ||
| 690 | _aBUILT ENVIRONMENT-BUILDING CONTRACT FORMS | ||
| 942 | _n0 | ||
| 948 | _c04/03/1997 | ||
| 999 |
_c88384 _d88384 |
||